Cousins - Statistics

General Stats
  • This quiz has been taken 11 times
  • The average score is 8 of 17
Answer Stats
Answer % Correct
Gav
100%
Hannah
100%
Abby
67%
Ezra
67%
Isaac
67%
Lia
67%
Naomi
67%
Dahlia
33%
Jon
33%
Lyla
33%
Nate
33%
Tali
33%
Talia
33%
Tzofia
33%
Ayla
0%
Isabel
0%
Maayan
0%
No matching quizzes found
Score Distribution
Percent of People with Each Score
Percentile by Number Answered
Your Score History
You have not taken this quiz